All gamecube games - Statistics

General Stats
  • This quiz has been taken 14 times
  • The average score is 7 of 115
Answer Stats
Answer % Correct
Super Mario Sunshine
75%
Luigi's Mansion
50%
Super Smash Bros Melee
50%
The Legend Of Zelda Twilight Princess
50%
The Legend of Zelda: Wind Waker
50%
Mario Kart Double Dash
42%
Mario Party 4
33%
Mario Party 7
33%
Super Monkey Ball
33%
Kirby Air Ride
25%
Sonic adventure 2 Battle
25%
Sonic Heroes
25%
Super Monkey Ball 2
25%
Metroid Prime
17%
Paper Mario: The Thousand-Year Door
17%
Shadow The Hedgehog
17%
Sonic Adventure Dx Director's Cut
17%
Sonic Riders
17%
The Legend of Zelda: Four Swords Adventures
17%
Donkey Konga
8%
Mario Superstar Baseball
8%
Metroid Prime 2: Echoes
8%
Shrek
8%
Shrek 2
8%
SoulCalibur II
8%
Star Fox Adventures
8%
Star Fox: Assault
8%
Super Mario Strikers
8%
Wario World
8%
18 Wheeler: American Pro Trucker
0%
Billy Hatcher and the Giant Egg
0%
Bionicle
0%
Bionicles Heroes
0%
Bleach GC: Tasogare ni Mamieru Shinigami
0%
Chaos Field
0%
Codename: Kids Next Door Operation
0%
Conflict Desert Storm
0%
Crash Bandicoot: The Wrath of Cortex
0%
Crash Nitro Kart
0%
Crash Tag Team Racing
0%
Crazy Taxi
0%
Dance Dance Revolution: Mario Mix
0%
Diddy Kong Racing Adventure
0%
Disney Chicken Little
0%
Disney Meet the Robinsons
0%
Disney Piglet's Big Game
0%
Disney Pixar Cars
0%
Disney Pixar Finding Nemo
0%
Disney Pixar Monsters Inc.
0%
Disney Pixar Monsters, Inc. Scream Arena
0%
Disney Pixar The Incredibles
0%
Disney Pixar Wall-e
0%
Disney's Extreme Skate Adventure
0%
Disney's Magical Mirror Starring Mickey Mouse
0%
Disney's Party
0%
Disney Sports Basketball
0%
Disney Sports football
0%
Disney Sports Hide And Seek
0%
Disney Sports Skateboarding
0%
Disney Sports Soccer
0%
Shikigami no Shiro II
0%
Donald Duck: Goin' Quackers!
0%
Donkey Konga 2
0%
Donkey Konga 3
0%
Donkey Kong Jungle Beat
0%
Donkey Kong Racing
0%
Drome Racers
0%
Ed, Edd n' Eddy, The Mis-EDventures
0%
Flushed Away
0%
GTA
0%
GTA 2
0%
GTA 3
0%
Kirby Board Game
0%
Lego Star Wars 2 The Original Trilogy
0%
Lego Star Wars The Videogame
0%
Madagascar
0%
Mario Golf: Toadstool Tour
0%
Medal of Honor: European Assault
0%
Medal of Honor Rising Sun
0%
Nicktoons Battle For Volcano Island
0%
Nicktoons Unite
0%
Over The Hedge
0%
Pirates of the Caribbean
0%
PK: Out of the Shadows
0%
Puyo Pop Fever
0%
Ratatouille: The Video Game
0%
Samurai Jack: The Shadow of Aku
0%
Serious Sam: The Next Encounter
0%
Shrak Tale
0%
Shrek Smash N' Crash Racing
0%
Shrek Super Party
0%
Shrek Super Slam
0%
Sonic Gems Collection
0%
Sonic Mega Collection
0%
Space Raiders
0%
Spongebob SquarePants Battle For Bikini Bottom
0%
Spyro: A Hero's Tail
0%
Spyro: Enter the Dragonfly
0%
SSX On Tour
0%
Super Monkey Ball Adventure
0%
Tarzan: Untamed
0%
Teen Titans
0%
The Chronicles of Narnia: The Lion, the Witch and the Wardrobe
0%
The Grim Adventures of Billy and Mandy
0%
The Haunted Mansion
0%
The Legend of Spyro: A New Beginning
0%
The Legend of Zelda: Collector's Edition
0%
The Powerpuff Girls: Relish Rampage
0%
The Spongebob SquarePants Movie
0%
TimeSplitters 2
0%
TimeSplitters: Future Perfect
0%
Turok Evolution
0%
WarioWare, Inc.: Mega Microgame$!
0%
WarioWare, Inc.: Mega Party Game$!
0%
Winnie the Pooh's Rumbly Tumbly Adventure
0%
No matching quizzes found
Score Distribution
Percent of People with Each Score
Percentile by Number Answered
Your Score History
You have not taken this quiz